[Event "15PCR_F"]
[Site "?"]
[Date "2006.??.??"]
[Round "?"]
[White "Rychtecky, Pavel"]
[Black "Pecina, Pavel"]
[Result "0-1"]
[WhiteElo "2218"]
[BlackElo "2258"]
[PlyCount "102"]
[EventDate "2006.??.??"]
[SourceDate "2006.08.10"]

1. e4 e5 2. Nf3 Nf6 3. d4 Nxe4 4. Bd3 d5 5. Nxe5 Nd7 6. Nxd7 Bxd7 7. O-O Qh4 8.
c4 O-O-O 9. c5 g5 10. Nc3 Bg7 11. Ne2 f5 12. f3 Rhf8 13. Qe1 Nf6 14. Qxh4 gxh4
15. Bd2 Rde8 16. b4 Nh5 17. Rae1 f4 18. Kh1 a6 19. Rg1 Bf5 20. Bxf5+ Rxf5 21.
Bc1 Kd7 22. Bb2 Rf6 23. Nc1 Rfe6 24. Rxe6 Rxe6 25. Rd1 Re3 26. h3 Ng3+ 27. Kg1
Kc6 28. Kf2 Kb5 29. Rd2 Re7 30. Nd3 c6 31. a3 Nf5 32. Nc1 Ne3 33. Ne2 Kc4 34.
Nc1 Re8 35. Ne2 h5 36. Bc1 Bh6 37. Ra2 Nd1+ 38. Kf1 Nc3 39. Nxc3 Kxc3 40. Rd2
Bg5 41. Rf2 Kxd4 42. Rc2 Kd3 43. Rd2+ Kc3 44. Rf2 d4 45. Bb2+ Kc4 46. Rd2 d3
47. Rd1 Re2 48. Bg7 Ra2 49. Rc1+ Kb5 50. Ra1 Rxa1+ 51. Bxa1 Ka4 0-1

[Event "15PCR_F"]
[Site "?"]
[Date "2006.??.??"]
[Round "?"]
[White "Strnad, Martin"]
[Black "Prchly, Milos"]
[Result "1/2-1/2"]
[WhiteElo "2241"]
[BlackElo "2269"]
[PlyCount "101"]
[EventDate "2006.??.??"]
[SourceDate "2006.08.10"]

1. e4 e5 2. Nf3 Nf6 3. d4 Nxe4 4. Bd3 d5 5. Nxe5 Bd6 6. O-O O-O 7. c4 Bxe5 8.
dxe5 Nc6 9. cxd5 Qxd5 10. Qc2 Nb4 11. Bxe4 Nxc2 12. Bxd5 Bf5 13. g4 Bxg4 14.
Be4 Nxa1 15. Nc3 c6 16. Bf4 f5 17. exf6 Nb3 18. axb3 Rxf6 19. Be5 Rf7 20. f4
Rd8 21. b4 Bf5 22. Bf3 a6 23. Re1 Re7 24. Ne4 Kf7 25. h4 Rd3 26. Kf2 Bxe4 27.
Bxe4 Rh3 28. Bxh7 Rxh4 29. Bb1 Rxe5 30. fxe5 Rxb4 31. Re2 a5 32. Kg3 Ke7 33.
Bf5 g5 34. Rh2 Rb5 35. Rh7+ Kd8 36. Kg4 Rxe5 37. Rd7+ Ke8 38. Rxb7 Kd8 39. Kxg5
Re7 40. Rb3 a4 41. Rb4 Ra7 42. Rh4 Ra5 43. Rh3 Rb5 44. Rh2 Kc7 45. Kf6 Kb6 46.
Be6 Ra5 47. Rh3 Rc5 48. Rh2 Ra5 49. Ba2 Rc5 50. Bf7 Rc1 51. Ke6 1/2-1/2

[Event "15PCR_F"]
[Site "?"]
[Date "2006.??.??"]
[Round "?"]
[White "Koci, Vladimir"]
[Black "Pecina, Pavel"]
[Result "1-0"]
[WhiteElo "2178"]
[BlackElo "2258"]
[PlyCount "118"]
[EventDate "2006.??.??"]
[SourceDate "2006.08.10"]

1. d4 d5 2. Nf3 e6 3. Bf4 Nf6 4. e3 c5 5. c3 Nbd7 6. Nbd2 Be7 7. h3 O-O 8. Bd3
c4 9. Bc2 Nh5 10. Bh2 Nhf6 11. Ne5 Nxe5 12. Bxe5 Nd7 13. Bf4 f5 14. Nf3 b5 15.
O-O a5 16. Ne5 Nxe5 17. Bxe5 Qe8 18. f4 Bf6 19. g4 a4 20. a3 Ra7 21. Qf3 Raf7
22. Rf2 Bxe5 23. dxe5 Bb7 24. Qg3 Qc6 25. Kh2 Qb6 26. Rg1 Rd7 27. gxf5 exf5 28.
Rd2 Rff7 29. Qh4 Rf8 30. Rg5 Qxe3 31. Rd4 Rdf7 32. Rg1 Qe2+ 33. Rg2 Qe3 34. Bd1
Rc7 35. Re2 Qc1 36. Qe1 Re7 37. Rc2 Qb1 38. Qd2 Kh8 39. Rc1 Qa2 40. Bf3 Rd8 41.
Qg2 Rdd7 42. Rdd1 Qb3 43. Ra1 d4 44. Bxb7 Rxb7 45. Rxd4 Rb8 46. Rad1 Rg8 47.
Rd8 Ree8 48. R8d7 b4 49. axb4 a3 50. bxa3 Qxc3 51. Qg3 Qc2+ 52. R1d2 Qa4 53.
Qc3 h6 54. R7d6 Re7 55. Rg6 Kh7 56. Rdg2 Rc8 57. Qg3 Qd7 58. Rd6 Qe8 59. a4
Qxa4 1-0

[Event "15PCR_F"]
[Site "?"]
[Date "2006.??.??"]
[Round "?"]
[White "Prchly, Milos"]
[Black "Postl, Rostislav"]
[Result "0-1"]
[WhiteElo "2269"]
[BlackElo "2314"]
[PlyCount "130"]
[EventDate "2006.??.??"]
[SourceDate "2006.08.10"]

1. d4 d5 2. c4 e6 3. Nc3 Nf6 4. Bg5 Bb4 5. Nf3 h6 6. Bxf6 Qxf6 7. e3 O-O 8. Qb3
c5 9. cxd5 exd5 10. dxc5 Bxc3+ 11. Qxc3 Qxc3+ 12. bxc3 Be6 13. Nd4 Rc8 14. f4
Rxc5 15. Kd2 Bc8 16. Bd3 Nd7 17. e4 dxe4 18. Bxe4 Nb6 19. Rhe1 Rb8 20. Rab1
Nc4+ 21. Kc1 Nd6 22. Rb3 Bd7 23. Bd3 Ba4 24. Ra3 b5 25. Kd2 Kf8 26. Re5 Rbc8
27. h4 Rxe5 28. fxe5 Nc4+ 29. Bxc4 Rxc4 30. Kd3 h5 31. Ke4 Rc5 32. Nf3 a6 33.
Kd4 Rc4+ 34. Kd5 Rg4 35. Nd4 Rg3 36. Nf5 Rd3+ 37. Kc5 g6 38. Nd6 Ke7 39. Kb6
Re3 40. Kxa6 Rxe5 41. Nc8+ Kd8 42. Nb6 Bc2 43. Ra5 g5 44. hxg5 Be4 45. g3 Rxg5
46. c4 Rxg3 47. Kxb5 Rg5+ 48. c5 Bg2 49. Ra4 Bf1+ 50. Kc6 Rg6+ 51. Kb7 Bg2+ 52.
Kb8 Rg4 53. Ra7 Ke8 54. Rc7 h4 55. Rc8+ Ke7 56. Rh8 Kf6 57. a4 Kg7 58. Rh5 h3
59. a5 Rg6 60. a6 Rh6 61. Rg5+ Kf6 62. Rg8 h2 63. Rxg2 Rh8+ 64. Kc7 h1=Q 65.
Rf2+ Kg6 0-1

[Event "15PCR_F"]
[Site "?"]
[Date "2006.??.??"]
[Round "?"]
[White "Strnad, Martin"]
[Black "Rychtecky, Pavel"]
[Result "1/2-1/2"]
[WhiteElo "2241"]
[BlackElo "2218"]
[PlyCount "111"]
[EventDate "2006.??.??"]
[SourceDate "2006.08.10"]

1. e4 c6 2. d4 d5 3. Nc3 dxe4 4. Nxe4 Nd7 5. Nf3 Ngf6 6. Nxf6+ Nxf6 7. Bc4 Bf5
8. O-O e6 9. Re1 Be7 10. c3 O-O 11. Ne5 Nd5 12. Bd3 Bxd3 13. Nxd3 Bd6 14. Qh5
Qc7 15. Bd2 Rad8 16. Rad1 Rd7 17. c4 Nf6 18. Qh4 Rfd8 19. Bc3 c5 20. Kh1 cxd4
21. Bxd4 Ne8 22. Bc3 Bf4 23. g3 Bh6 24. Qe4 Nd6 25. Qf3 Nxc4 26. Kg2 Bg5 27. h4
Bh6 28. Ne5 Rd5 29. Nxc4 Qxc4 30. Rxd5 Rxd5 31. Rd1 a6 32. b3 Qc6 33. Rxd5 Qxd5
34. Qxd5 exd5 35. Kf3 f5 36. Ke2 g6 37. Bd4 b5 38. Kd3 Bf8 39. a4 Kf7 40. axb5
axb5 41. Be5 Ke6 42. Kd4 Bb4 43. Bf4 Be1 44. f3 Bf2+ 45. Kc3 h5 46. Kd3 b4 47.
Ke2 Bd4 48. Bd2 Be5 49. Be1 Bc3 50. Bf2 Ke5 51. Be3 Kd6 52. Kd3 Be1 53. Bf4+
Kc6 54. Bb8 Bc3 55. Bf4 Kb6 56. Ke3 1/2-1/2

[Event "15PCR_F"]
[Site "?"]
[Date "2006.??.??"]
[Round "?"]
[White "Rychtecky, Pavel"]
[Black "Kratochvil, Vaclav"]
[Result "0-1"]
[WhiteElo "2218"]
[BlackElo "2191"]
[PlyCount "194"]
[EventDate "2006.??.??"]
[SourceDate "2006.08.10"]

1. e4 c5 2. Nf3 e6 3. d4 cxd4 4. Nxd4 Nc6 5. Nc3 a6 6. Be3 Nf6 7. a3 d5 8. exd5
exd5 9. g3 Ng4 10. Qf3 Nxe3 11. Qxe3+ Be7 12. Bg2 O-O 13. Nxd5 Bg5 14. Qd3 Re8+
15. Kf1 Bd7 16. Kg1 Bf6 17. Nxc6 Bxc6 18. c3 Re5 19. Rd1 Ba4 20. Rc1 Bc6 21. c4
Rc8 22. Rd1 b5 23. b3 Re8 24. Be4 h6 25. Qf3 bxc4 26. bxc4 Bb2 27. Rd3 Ba8 28.
Nc3 Bxe4 29. Nxe4 Qc7 30. Kg2 Re6 31. Rhd1 Rf8 32. Nd2 Bf6 33. Rb1 Rc6 34. Rdb3
Re6 35. Qb7 Qc5 36. Qd5 Be7 37. Nf1 Qc8 38. Ne3 Rd8 39. Qf5 g6 40. Qg4 h5 41.
Qf4 Bd6 42. Qf3 Kg7 43. Rd3 Be7 44. Rxd8 Bxd8 45. h3 Be7 46. Rb3 Rf6 47. Qe4
Bc5 48. Qd5 Qc7 49. a4 Qc6 50. Rc3 Qb6 51. Rd3 Qb1 52. Rd1 Qb6 53. Qe5 Bxe3 54.
Qxe3 Qc6+ 55. Rd5 Qxc4 56. Re5 Qxa4 57. Rc5 Qb4 58. Rd5 a5 59. Rd7 a4 60. Ra7
Rf5 61. h4 Ra5 62. Rd7 Qb2 63. Rd2 Qb7+ 64. Kh2 Kh7 65. Ra2 Ra6 66. Qf4 Re6 67.
Ra1 Re2 68. Qf6 Qd5 69. Qf4 Kg8 70. Qf6 Qd2 71. Kg2 Re1 72. Ra3 Rb1 73. Re3
Qd5+ 74. Qf3 Qxf3+ 75. Rxf3 Rb6 76. Ra3 Ra6 77. Kf1 Kg7 78. Ke2 Kf6 79. Kd2 g5
80. hxg5+ Kxg5 81. Ke2 Kg4 82. Kf1 f5 83. Kg2 f4 84. Kh2 fxg3+ 85. Rxg3+ Kf4
86. Ra3 Ke4 87. Kg3 Kd4 88. f4 Ke4 89. Kh4 Kxf4 90. Kxh5 Ke4 91. Kg4 Kd4 92.
Kf5 Kc4 93. Kg4 Kb4 94. Rf3 a3 95. Rf4+ Kb5 96. Rf5+ Kc4 97. Rf4+ Kd3 0-1

[Event "15PCR_F"]
[Site "?"]
[Date "2006.??.??"]
[Round "?"]
[White "Rychtecky, Pavel"]
[Black "Jirku, Jaroslav"]
[Result "0-1"]
[WhiteElo "2218"]
[BlackElo "2278"]
[PlyCount "126"]
[EventDate "2006.??.??"]
[SourceDate "2006.08.10"]

1. e4 e5 2. Nf3 Nc6 3. Bb5 a6 4. Ba4 Nf6 5. O-O Be7 6. Re1 b5 7. Bb3 O-O 8. c3
d5 9. exd5 Nxd5 10. Nxe5 Nxe5 11. Rxe5 c6 12. d4 Bd6 13. Re2 Qh4 14. g3 Qh3 15.
Nd2 Bf5 16. a4 Rae8 17. Rxe8 Rxe8 18. Nf1 h5 19. Bxd5 cxd5 20. axb5 axb5 21.
Ne3 h4 22. Qf1 hxg3 23. hxg3 Qh5 24. Nxf5 Qxf5 25. Bd2 Qc2 26. Qxb5 Re6 27. Be1
Rh6 28. Qxd5 Bxg3 29. Qf3 Qxb2 30. Rd1 Bh2+ 31. Kg2 Bd6 32. Rd2 Rg6+ 33. Kf1
Qb5+ 34. Rd3 Re6 35. Qa8+ Bf8 36. Qf3 Rh6 37. d5 Rh1+ 38. Ke2 Rg1 39. Qe3 g6
40. Qd4 Bc5 41. Qe4 Qb1 42. Qe8+ Bf8 43. Rd1 Qc2+ 44. Rd2 Qxc3 45. Qe3 Qb4 46.
Rd1 Qg4+ 47. Qf3 Qh4 48. Rd3 Qc4 49. Qe3 Qb5 50. Qh3 Qb1 51. Rd1 Qc2+ 52. Rd2
Qc4+ 53. Rd3 Rg4 54. Bd2 Re4+ 55. Kf1 Rd4 56. Ke2 Rxd5 57. Qf3 Rd6 58. Qg3 Rd8
59. Ba5 Re8+ 60. Kf1 Ra8 61. Bd2 Rd8 62. Ke2 Bc5 63. Qf3 Bxf2 0-1

[Event "15PCR_F"]
[Site "?"]
[Date "2006.??.??"]
[Round "?"]
[White "Koci, Vladimir"]
[Black "Rychtecky, Pavel"]
[Result "0-1"]
[WhiteElo "2178"]
[BlackElo "2218"]
[PlyCount "94"]
[EventDate "2006.??.??"]
[SourceDate "2006.08.10"]

1. d4 d5 2. Nf3 Nf6 3. Bf4 c5 4. e3 Nc6 5. dxc5 e6 6. Nbd2 Bxc5 7. Be2 O-O 8.
c3 Qe7 9. Bg5 h6 10. Bh4 Rd8 11. Nd4 e5 12. Nxc6 bxc6 13. Qc2 Rb8 14. b4 Bd6
15. O-O a6 16. a4 c5 17. Bxf6 Qxf6 18. b5 axb5 19. Bxb5 Bc7 20. e4 Qg6 21. Kh1
Bb7 22. f3 Ba5 23. Ra2 d4 24. cxd4 cxd4 25. Nc4 Bc7 26. Qd3 Ra8 27. a5 Rdb8 28.
Rb1 Bc8 29. Kg1 Kh7 30. Rbb2 Ra7 31. Qa3 Rba8 32. Qc5 Qg5 33. Rb1 Bxa5 34. Qxe5
Qxe5 35. Nxe5 Bc7 36. Rxa7 Rxa7 37. Nd3 Ra3 38. Rc1 Rc3 39. Rxc3 dxc3 40. Ba4
Ba6 41. Bc2 Kg6 42. g3 Kf6 43. Nb4 Bc4 44. Nd5+ Bxd5 45. exd5 Ke5 46. Be4 g6
47. g4 Kd4 0-1